• 首页
  • 本馆介绍
  • 公告通知
  • 最新文献
  • 馆藏检索
  • 电子资源
  • 读者导购
  • 参考咨询
  • 我的图书馆
  • 登录
  • 详细信息显示
  • 放入我的书架
  • 预约/预借图书
  • 作者相关作品
  • 分类相关作品
  • 丛书相关作品
  • 出版社相关作品

书目信息

  • 表格格式
  • 工作单格式
  • 卡片格式
题名:
两性社会学
    
 
作者: 马林诺夫斯基 著 ;李安宅 译
分册:  
出版信息: 北京   中国民间文艺出版社  1986
页数: 312页
开本: 19cm
丛书名: 民间文化研究丛书
单 册:
中图分类: C913.14
科图分类:
主题词: 性问题
电子资源:
ISBN:
000 00855nam2 2200289 45
001 0186019381
005 20050323145023.4
010    @dCNY3.00
091    @a10229.0506
100    @a19900802d1986 em y0chiy0121 ea
101 1  @achi@ceng
102    @aCN@b110000
105    @af c 000yy
200 10 @a两性社会学@Aliang xing she hui xue@f(英)马林诺夫斯基著@F(Ying)Ma Lin Nuo Fu Si Ji Zhu@g李安宅译
205    @b影印本
210    @a北京@c中国民间文艺出版社@d1986
215    @a312页@c照片@d19cm
225 2  @a民间文化研究丛书
300    @a根据台湾商务印书馆版本影印,附:索引与英汉译名录
410  0 @120010@a民间文化研究丛书
606    @a性问题
690    @aC913.14@v3 
701  0 @a马林诺夫斯基@4著
702  0 @a李安宅@ALi An Zhai@4译
801  0 @aCN@b深圳图书馆@c20040506
801  2 @aCN@bNLC@c20040506
905    @dC913.14@e162@f1@b256683
    
    两性社会学/(英)马林诺夫斯基著/李安宅译.-影印本.-北京:中国民间文艺出版社,1986
    312页:照片;19cm.-(民间文化研究丛书)
    根据台湾商务印书馆版本影印,附:索引与英汉译名录
    
    ISBN :CNY3.00
    
●
相关链接 在E读中查询图书 在五车中查询图书 在当当中查询图书 在豆瓣中查询图书


正题名:两性社会学     索取号:C913.14/162         预约/预借

序号 登录号 条形码 馆藏地/架位号 状态 备注
1 0256682   000372812   第一借阅区/ [索取号:C913.14/162] 在馆    
2 0256683   001987498   第一借阅区/ [索取号:C913.14/162] 在馆    
3 0256684   000372803   第一样本阅览室/ [索取号:C913.14/162] 在馆    
唐山师范学院图书馆 欢迎您!
大连网信软件有限公司© 版权所有